Economía y empresa para ingeniería de edificios / (Registro nro. 15577)
[ vista simple ]
| 000 -LEADER | |
|---|---|
| fixed length control field | 02471nam a2200265 4500 |
| 003 - CONTROL NUMBER IDENTIFIER | |
| control field | OSt |
| 005 - DATE AND TIME OF LATEST TRANSACTION | |
| control field | 20210819172119.0 |
| 008 - FIXED-LENGTH DATA ELEMENTS--GENERAL INFORMATION | |
| fixed length control field | 210819b2014 sp ad||gr ||| 00| 0 spa d |
| 020 ## - INTERNATIONAL STANDARD BOOK NUMBER | |
| International Standard Book Number | 9788492954988 |
| 040 ## - CATALOGING SOURCE | |
| Original cataloging agency | CO-JMCR |
| Transcribing agency | CO-JMCR |
| 041 ## - LANGUAGE CODE | |
| Language code of text/sound track or separate title | spa |
| 082 04 - DEWEY DECIMAL CLASSIFICATION NUMBER | |
| Classification number | 658.15 / |
| Item number | T874e |
| Edition number | 23 |
| 100 1# - MAIN ENTRY--PERSONAL NAME | |
| Personal name | Truyols Mateu, Sebastían, |
| Relator term | autor |
| 9 (RLIN) | 5781 |
| 245 10 - TITLE STATEMENT | |
| Title | Economía y empresa para ingeniería de edificios / |
| Statement of responsibility, etc. | Sebastían Truyols Mateu, Daniel García de Frutos, Javier Moreno Arnaz |
| 260 ## - PUBLICATION, DISTRIBUTION, ETC. | |
| Place of publication, distribution, etc. | Madrid, Colombia : |
| Name of publisher, distributor, etc. | Delta, |
| Date of publication, distribution, etc. | 2014. |
| 300 ## - PHYSICAL DESCRIPTION | |
| Extent | 316 páginas : |
| Other physical details | ilustraciones y gráficas en blanco y negro ; |
| Dimensions | 24 cm. |
| 505 ## - FORMATTED CONTENTS NOTE | |
| Formatted contents note | Producción y costes. -- La empresa: aspectos básicos. -- Tipos de sociedades. -- Impuestos. -- El profesional autónomo. -- La inversión y sus métodos de cálculo. -- Amortización, préstamos y medios de pago. -- Principios de contabilidad I. -- Principios de contabilidad II. |
| 520 0# - SUMMARY, ETC. | |
| Summary, etc. | Hoy en día, de una forma cada vez más frecuente, los Ingenieros de Edificación, vienen ocupando cargos gerenciales no sólo en pequeñas y medianas empresas relacionadas con la promoción y construcción de viviendas, sino también en grandes empresas de obra civil y pública de manera que la preparación a nivel empresarial y sus conocimientos a nivel económico son cada vez más valorados.<br/>Esta obra pretende, de un modo directo y sintético, dar respuesta a esa de manda tanto del mercado laboral como en la preparación que para la mejora profesional se requiere. Siendo conscientes de estas circunstancias, los autores han pretendido dotarla de todos aquellos elementos que, desde un punto de vista general, pero suficiente, ha de conocer el Ingeniero de Edificación. Y, en este sentido, han procurado estructurar la misma partiendo del conocimiento de los elementos económicos y de los puramente empresariales que el alumno y el profesional necesitarán para su completa formación, entre ellos, la producción y los costes, la empresa y sus obligaciones, el profesional autónomo, los impuestos, el análisis de la inversión, las amortizaciones y los conocimientos contables suficientes que permitan la correcta llevanza de la empresa. |
| 650 14 - SUBJECT ADDED ENTRY--TOPICAL TERM | |
| Source of heading or term | Economía |
| General subdivision | empresas |
| 9 (RLIN) | 39529 |
| 650 24 - SUBJECT ADDED ENTRY--TOPICAL TERM | |
| Source of heading or term | Ingeriría |
| General subdivision | Economía |
| 9 (RLIN) | 39530 |
| 650 24 - SUBJECT ADDED ENTRY--TOPICAL TERM | |
| Source of heading or term | ingeniería de edificaciones |
| General subdivision | Economía |
| 9 (RLIN) | 39530 |
| 700 1# - ADDED ENTRY--PERSONAL NAME | |
| Personal name | García de Frutos, Daniel, |
| Relator term | autor |
| 9 (RLIN) | 39531 |
| 700 1# - ADDED ENTRY--PERSONAL NAME | |
| Personal name | Moreno Arnaz, Javier, |
| Relator term | autor |
| 9 (RLIN) | 39532 |
| 942 ## - ADDED ENTRY ELEMENTS (KOHA) | |
| Source of classification or shelving scheme | Dewey Decimal Classification |
| Koha item type | Books |
| Withdrawn status | Lost status | Source of classification or shelving scheme | Damaged status | Not for loan | Home library | Current library | Shelving location | Date acquired | Source of acquisition | Total Checkouts | Full call number | Barcode | Date last seen | Copy number | Price effective from | Koha item type |
|---|---|---|---|---|---|---|---|---|---|---|---|---|---|---|---|---|
| Dewey Decimal Classification | Biblioteca Pública José María del Castillo y Rada | Biblioteca Pública José María del Castillo y Rada | General Stacks | 04/15/2018 | Donación | 658.15 / T874e | 430000772 | 05/16/2024 | Ej.1 | 04/15/2018 | Books |